书目信息 |
| 题名: |
应用语言学的原理与实践
|
|
| 作者: | 库克 , 赛德豪佛 著 | |
| 分册: | ||
| 出版信息: | 上海 上海外语教育出版社 1999.04 |
|
| 页数: | 431页 | |
| 开本: | 20cm | |
| 丛书名: | 牛津应用语言学丛书 | |
| 单 册: | ||
| 中图分类: | H , H08 | |
| 科图分类: | ||
| 主题词: | 应用语言学 | |
| 电子资源: | ||
| ISBN: | 7-81046-587-2 | |
| 000 | 00800nam0 2200241 45 | |
| 001 | 0357092272 | |
| 005 | 20041018094116.70 | |
| 010 | @a7-81046-587-2@dCNY 28.00 | |
| 100 | @a20030624d1999 km y0chiy0120 ea | |
| 101 | 0 | @achi |
| 200 | 1 | @a应用语言学的原理与实践@Aying yong yu yan xue de yuan li yu shi jian@d=PRINCIPLES & PRACTICE IN APPLIED LINGUISTICS@f(英)库克,赛德豪佛著@F(Ying)Ku Ke,Sai De Hao Fo Zhu |
| 210 | @a上海@c上海外语教育出版社@d1999.04 | |
| 215 | @a431页@d20cm | |
| 225 | 2 | @a牛津应用语言学丛书 |
| 410 | 0 | @12001 @a牛津应用语言学丛书 |
| 510 | @a=PRINCIPLES & PRACTICE IN APPLIED LINGUISTICS | |
| 606 | 0 | @a应用语言学 |
| 690 | @aH@v4 | |
| 690 | @aH08@v3 | |
| 701 | 0 | @a库克@AKu Ke@4著 |
| 701 | 0 | @a赛德豪佛@ASai De Hao Fo@4著 |
| 801 | 0 | @aCN@bPFT@c20041018 |
| 905 | @dH08@eK841 | |
| 应用语言学的原理与实践=PRINCIPLES & PRACTICE IN APPLIED LINGUISTICS/(英)库克,赛德豪佛著.-上海:上海外语教育出版社,1999.04 |
| 431页;20cm.-(牛津应用语言学丛书) |
| ←并列题名:=PRINCIPLES & PRACTICE IN APPLIED LINGUISTICS |
| ISBN 7-81046-587-2:CNY 28.00 |
| ● |
| 相关链接 |
|
|
|
正题名:应用语言学的原理与实践
索取号:H08/K841
 
预约/预借
| 序号 | 登录号 | 条形码 | 馆藏地/架位号 | 状态 | 备注 |
| 1 | 371302 | 203713026 | 语言库209/209语言库 68排2列2层/ [索取号:H08/K841] | 在馆 | |
| 2 | 371303 | 203713035 | 语言库209/209语言库 68排2列2层/ [索取号:H08/K841] | 在馆 | |
| 3 | 371304 | 203713044 | 语言库209/209语言库 68排2列2层/ [索取号:H08/K841] | 在馆 | |
| 4 | 420570 | 204205706 | 外国语学院资料室/ [索取号:H08/K841] | 在馆 |